Principles of economics
Enregistré dans:
| Auteur principal: | |
|---|---|
| Format: | Livre |
| Langue: | anglais |
| Publié: |
[S.l.]
[s.n.]
1947
|
| Tags: |
Pas de tags, Soyez le premier à ajouter un tag!
|
MARC
| LEADER | 00000nam a2200000 4500 | ||
|---|---|---|---|
| 001 | c123019 | ||
| 005 | 20160215153042.5 | ||
| 041 | 0 | |a eng | |
| 044 | |a SK | ||
| 245 | 1 | 0 | |a Principles of economics |
| 264 | 1 | |a [S.l.] |b [s.n.] |c 1947 | |
| 300 | |a 871 s. | ||
| 100 | 1 | |a Marshall, Alfred | |